| 000 | 00360nam a22001337a 4500 | ||
|---|---|---|---|
| 020 | _a9781639870967 | ||
| 082 |
_a642 _bCUR |
||
| 100 | _aCurtis, Robert | ||
| 245 |
_aCatering Services: _bA Complete Guide / _cRobert Curtis |
||
| 260 |
_aNew York : _bMurphy & Moore Publishing, _c2022. |
||
| 300 |
_a229 p. ; _c28 cm. |
||
| 563 | _aHBK. | ||
| 942 |
_2ddc _cBK |
||
| 999 |
_c590434 _d590434 |
||